Laura Mulvey and Peter Wollen : Towards Counter-Cinema /
From the late 1960s to the early 1980s, Laura Mulvey and Peter Wollen produced some of the most influential writings in film theory, such as Mulvey's Visual Pleasure and Narrative Cinema and Wollen's The Two Avant-Gardes . In the same period, the pair made six films together. Laura Mulvey...
Main Author:
Format: eBook
Language: English
Published:
Leiden ; Boston :
Brill,
2026.
Series:
Historical Materialism Book Series ;
372.
Social Sciences E-Books Online, Collection 2026
Subjects:
Online Access: Login to view Source
Tags: Add Tag
Call Number: PN33
| LEADER | 02492nam a22004938i 4500 | ||
|---|---|---|---|
| 001 | BRILL9789004752085 | ||
| 003 | nllekb | ||
| 005 | 20260324115026.0 | ||
| 006 | m d | ||
| 007 | cr un uuuua | ||
| 008 | 251119s2026 gw sb 001 0 eng d | ||
| 020 | |a 9789004752085 |q (electronic book) | ||
| 020 | |z 9789004752078 |q (print) | ||
| 024 | 7 | |a 10.1163/9789004752085 |2 DOI | |
| 040 | |a NL-LeKB |c NL-LeKB |e rda | ||
| 041 | |a eng | ||
| 050 | 4 | |a PN33 | |
| 072 | 7 | |a JHB |2 bicssc | |
| 072 | 7 | |a SOC |x 026000 |2 bisacsh | |
| 082 | 0 | 4 | |a 809 |
| 100 | 1 | |a Helm-Grovas, Nicolas, |e author. | |
| 245 | 1 | 0 | |a Laura Mulvey and Peter Wollen : |b Towards Counter-Cinema / |c Nicolas Helm-Grovas. |
| 246 | 3 | |a Towards Counter-Cinema | |
| 264 | 1 | |a Leiden ; |a Boston : |b Brill, |c 2026. | |
| 264 | 4 | |c ©2026 | |
| 300 | |a 1 online resource (468 pages) : |b illustrations. | ||
| 336 | |a text |b txt |2 rdacontent | ||
| 337 | |a computer |b c |2 rdamedia | ||
| 338 | |a online resource |2 rdacarrier | ||
| 490 | 1 | |a Historical Materialism Book Series ; |v 372 | |
| 490 | 1 | |a Social Sciences E-Books Online, Collection 2026 | |
| 504 | |a Includes bibliographical references and index. | ||
| 520 | |a From the late 1960s to the early 1980s, Laura Mulvey and Peter Wollen produced some of the most influential writings in film theory, such as Mulvey's Visual Pleasure and Narrative Cinema and Wollen's The Two Avant-Gardes . In the same period, the pair made six films together. Laura Mulvey and Peter Wollen: Towards Counter-Cinema is the first book-length study of their work. Moving across Mulvey and Wollen's writings and films, it situates their work in a detailed account of the shifting conjunctures in which it was generated. Traversing psychoanalysis, feminism, Marxism and semiotics, it draws on extensive archival research to present an in-depth study of these theorist-filmmakers and the wider field of 1970s British "counter-cinema". | ||
| 546 | |a English | ||
| 588 | |a Description based on print version record. | ||
| 650 | 0 | |a Criticism & Theory. | |
| 650 | 0 | |a Literature and Cultural Studies. | |
| 650 | 0 | |a Media Studies. | |
| 650 | 0 | |a Philosophy. | |
| 776 | 0 | 8 | |i Print version: |t Laura Mulvey and Peter Wollen : Towards Counter-Cinema. |d Leiden ; Boston : Brill, 2026. |z 9789004752078 |w (OCoLC)1543509848 |
| 830 | 0 | |a Historical Materialism Book Series ; |v 372. | |
| 830 | 0 | |a Social Sciences E-Books Online, Collection 2026 | |
| 856 | 4 | |z DOI: |u http://dx.doi.org/10.1163/9789004752085 | |
| 999 | |c 61984 |d 61984 | ||
